The Flintstones Theme Song Lyrics - Statistics

General Stats
  • This quiz has been taken 307 times
  • The average score is 23 of 38
Answer Stats
Lyric % Correct
the
97%
Flintstones
96%
Meet
93%
a
92%
family
90%
Bedrock
83%
of
81%
town
78%
history
76%
stone
76%
age
75%
From
74%
They're
74%
modern
71%
yabba
68%
dabba
67%
doo
67%
time
66%
out
65%
right
63%
Have
61%
have
61%
old
61%
gay
57%
with
52%
When
49%
page
48%
down
45%
We'll
45%
street
42%
you're
40%
feet
33%
two
32%
Let's
31%
Fred's
29%
courtesy
26%
ride
26%
Through
24%
No matching quizzes found
Score Distribution
Percent of People with Each Score
Percentile by Number Answered
Your Score History
You have not taken this quiz